Statistics for Word Ladder #6 – Gas Giant Edition

Click here to take the quiz!

General Stats

  • This quiz has been taken 202 times
  • The average score is 13 of 17

Answer Stats

Hint Answer % Correct
Ringed gas giant.Saturn
89%
Gas giant, Roman king of the gods.Jupiter
87%
Latin words: “Seize the day.”Carpe diem
85%
Most distant gas giant.Neptune
82%
Problematic wrist area: ______ tunnel.Carpal
82%
Gas giant frequently used in puns.Uranus
81%
Nuclear fuel element.Uranium
79%
Kathmandu’s country.Nepal
78%
Skull.Cranium
78%
What a gas giant is.Planet
76%
Kidney product.Urine
72%
Porky Pig’s sweetie. Also a flower.Petunia
66%
Paper template for dressmaking.Pattern
66%
Banana-like fruit.Plantain
66%
Abrupt change of direction.U-turn
60%
First pope.Peter
58%
“Old Blood & Guts” general.Patton
53%

Score Distribution

Percentile by Number Answered

Percent of People with Each Score

Your Score History

You have not taken this quiz